书目信息 |
| 题名: |
化学实验规范
|
|
| 作者: | ;北京师范大学《化学实验规范》编写组 编著 | |
| 分册: | ||
| 出版信息: | 北京 北京师范大学出版社 1987.3 |
|
| 页数: | 419页 | |
| 开本: | 26cm | |
| 丛书名: | ||
| 单 册: | ||
| 中图分类: | O6-33 | |
| 科图分类: | ||
| 主题词: | 化学实验 | |
| 电子资源: | ||
| ISBN: | 7-303-00121-2 | |
| 000 | 00648nam0 2200193 45 | |
| 001 | 0009221026 | |
| 005 | 20051027172028.09 | |
| 010 | @a7-303-00121-2@dCNY5.00 | |
| 100 | @a20000922d1987 km y0chiy0120 ea | |
| 101 | 0 | @achi |
| 200 | 1 | @a化学实验规范@Ahua xue shi yan gui fan@f北京师范大学《化学实验规范》编写组编著@FBei Jing Shi FanDa Xue《Hua Xue Shi Yan Gui Fan》Bian Xie Zu Bian Zhu |
| 210 | @a北京@c北京师范大学出版社@d1987.3 | |
| 215 | @a419页@d26cm | |
| 300 | @a高等学校教学参考书 | |
| 606 | 0 | @a化学实验 |
| 690 | @aO6-33@v1 | |
| 711 | 02 | @a北京师范大学《化学实验规范》编写组@4编著 |
| 801 | @aCN@bTSTC@c20051027 | |
| 905 | @dO6-33@e223@f1@b238281 | |
| 化学实验规范/北京师范大学《化学实验规范》编写组编著.-北京:北京师范大学出版社,1987.3 |
| 419页;26cm |
| 高等学校教学参考书 |
| ISBN 7-303-00121-2:CNY5.00 |
| ● |
| 相关链接 |
|
|
|
|
正题名:化学实验规范
索取号:O6-33/223
 
预约/预借
| 序号 | 登录号 | 条形码 | 馆藏地/架位号 | 状态 | 备注 |
| 1 | 0234113 | 000341570 | 第三借阅区/ [索取号:O6-33/223] | 在馆 | |
| 2 | 0234114 | 000341561 | 第三借阅区/ [索取号:O6-33/223] | 在馆 | |
| 3 | 0234115 | 202134001 | 第三借阅区/ [索取号:O6-33/223] | 在馆 | |
| 4 | 0238280 | 000341552 | 第三借阅区/ [索取号:O6-33/223] | 在馆 | |
| 5 | 0238281 | 001695543 | 第三借阅区/ [索取号:O6-33/223] | 在馆 | |
| 6 | 0238282 | 000341589 | 第三借阅区/ [索取号:O6-33/223] | 在馆 |